000 01792 a2200265 4500
001 53839
005 20260407155809.0
008 260407a2005 arg spa d
003 AR-UNSa-BCEJYS
040 _aAR-UNSa-BCEJYS
_bspa
_cAR-UNSa-BCEJYS
080 _a330.101.541
_xMacroeconomía
245 1 0 _aMacroeconomia
_pteoría, polìticas y aplicaciones internacionales
020 _a970-686-428-8
250 _a3a. ed.
264 1 _aMéxico :
_bThomson
_c2005
300 _axxiii, 549 p.
_c26 cm.
505 _a1. La macroeconomía - 2. Medición de las variables macroeconómicas - 3. Teoría macroeconómica clásica:Empleo, producción y precios - 4. Tasas de interés y tipos de cambio - 5. La teoría del crecimiento económico - 6. Los fundamentos del sistema Keynesiano - 7. Política fiscal:¿Para que sirven las políticas fiscales y las del gasto público? - 8. El dinero en el sistema Keynesiano tradicional - 9. Tipos de cambio y balanzas de pagos - 10. La posición keynesiana y la monetarista ante la determinación de los precios y la producción - 11. Expectativas racionales, macroeconomía neoclásica y mercados financieros - 12. Teoría Keynesiana moderna con expectativas racionales - 13. Los teóricos Keynesianosy los teóricos del ciclo de la actividad real de las empresas - 14. Objetivos y metas de la política macroeconómica - 15. La política macroeconómica discrecional o no sujeta a reglas - 16. Dimensiones internacionales de la política macroeconómica
041 _aspa
942 _cBK
590 _aniveau_biblio:m niveau_hierar:0
100 1 _aMiller, Roger LeRoy
700 1 _aVanHoose, David
700 1 _aArmenta Fraire, Leticia
856 4 1 _uhttps://www.biblioeco.unsa.edu.ar/pmb/images/libros/L128444.jpg
_yImagen de portada
_qimage/jpeg
999 _c5263
_d5263